000 00914nam a2200205 a 4500
003 0
005 20250424102607.0
008 050808s19uu xx 00 eng d
050 _aPHS RJ 506.E18.C65
_b.G37 2005
100 _aGarcia, Gelline G.
245 _aA Comparative study on the awareness on the prevalence of the different eating disorders among selected grade 6 and grade 11 students of Southville International School and Colleges /
_cGelline G. Garcia.
260 _aLas PiƱas City, Philippines
_bSouthville International School and Colleges,
_c2005.
300 _a49 pages :
_billustrations ;
_c28 cm.
504 _aIncludes bibliographical references.
650 _2Library of Congress Subject Headings
_aEating disorders in adolescence
_zPhilippines.
650 _aEating disorders
_xPsychological aspects.
650 _aAwareness
_xAdolescents
_zPhilippines.
942 _2lcc
_cPASS
999 _c97230
_d97230